| 000 | 00529nam a2200205Ia 4500 | ||
|---|---|---|---|
| 005 | 20241129125056.0 | ||
| 008 | 131103s9999 xx 000 0 und d | ||
| 020 | _a9620302087 | ||
| 040 | _aLoreto College | ||
| 041 | _aEnglish | ||
| 082 |
_a900 _bMOR |
||
| 100 | _aMorales, A C | ||
| 245 |
_aEast meets west _b the modern history of east Asia _cA C Morales |
||
| 260 |
_aLondon _bMacmillan _c1978 |
||
| 300 |
_a236p. _b pic. |
||
| 504 | _aIncludes glossary & index | ||
| 650 | _aHistory | ||
| 850 | _aLCBED | ||
| 942 | _cBK | ||
| 999 |
_c29069 _d79548 |
||